00367nam a2200133 a 450000500170000000800410001702000150005805000210007310000200009424500370011426000490015130000210020065000120022120140310183258.0970101s19uu xx 00 eng d a014062273x aPZ 7b.C774 1997 aCoolidge, Susan aWhat Katy did /cSusan Coolidge. aHertfordshire :bWordsworth Classics,c1997. a184 p. :c18 cm. aFiction